Serra d'Ordal
ISBN:
978-84-95945-48-8
Descripción Física:
1 mapa : col. : escala 1: 20000 ; 78 x 119 cm plegat a 20 x 11 cm
Materias:
Serra d'Ordal -- Guies
MARC
| LEADER | 00000nam a2200000Ia 4500 | ||
|---|---|---|---|
| 001 | 20800 | ||
| 008 | 160829s2007 xx 000 0 cat d | ||
| 020 | |a 978-84-95945-48-8 | ||
| 080 | |a FU-14-74 | ||
| 245 | |a Serra d'Ordal | ||
| 260 | |a Barcelona : |b Piolet, |c 2007 | ||
| 300 | |a 1 mapa : |b col. : |b escala 1: |b 20000 ; |c 78 x 119 cm plegat a 20 x 11 cm | ||
| 590 | |a Amb la col·laboració de la Diputació de Barcelona | ||
| 650 | |a Serra d'Ordal |x Guies |9 40780 | ||
| 710 | 1 | |a Barcelona (Catalunya : Província). |b Diputació |9 52408 | |
| 901 | |a Arxiu | ||
| 942 | |n 1 | ||
| 952 | |0 0 |1 0 |4 0 |6 FU1474 |7 1 |9 49900 |a Arxiu |b Arxiu |d 2016-12-01 |l 0 |o FU-14-74 |p 20800 |r 2016-12-01 00:00:00 |w 2016-12-01 |y ARXIU | ||
| 999 | |c 53742 |d 53742 | ||